Normal view
MARC view
- Brueckner, Jan K
Entry Personal Name
001 - CONTROL NUMBER
- control field: 113657
003 - CONTROL NUMBER IDENTIFIER
- control field: NUST
005 - DATE AND TIME OF LATEST TRANSACTION
- control field: 20230714150123.0
008 - FIXED-LENGTH DATA ELEMENTS
- fixed length control field: 230714|| aca||aabn | a|a d
040 ## - CATALOGING SOURCE
- Original cataloging agency: NUST
- Transcribing agency: NUST
100 ## - HEADING--PERSONAL NAME
- Personal name: Brueckner, Jan K
670 ## - SOURCE DATA FOUND
- Source citation: Work cat.: (NUST)2413: Brueckner, Jan K., Lectures on urban economics /, c2011.
